| 000 | 00821cam a22002651 4500 | ||
|---|---|---|---|
| 001 | 11524 | ||
| 003 | BD-RjUL | ||
| 005 | 20211208235135.0 | ||
| 008 | 140127s1964 xx 001 0 eng | ||
| 035 | _a(BD-RjUL) 11573 | ||
| 035 | _a(OCoLC)1449754 | ||
| 040 |
_aDLC _cFJ _dDLC _dBD-RjUL _beng |
||
| 041 | _aeng | ||
| 082 |
_a523.43 _bRIM 1964 |
||
| 100 | 1 |
_aRichardson, Robert S. _q(Robert Shirley), _d1902- _926507 |
|
| 245 | 0 | 0 |
_aMars / _cby Robert S. Richardson and Chesley Bonestell. |
| 260 |
_aNew York : _bHarcourt, Brace & World, _c1964. |
||
| 300 |
_aviii, 151 p. : _billus. (part col.) maps. ; _c28 cm. |
||
| 504 | _aIncludes Bibliography and index. | ||
| 651 | 0 |
_aMars (Planet) _935650 |
|
| 700 | 1 |
_aBonestell, Chesley, _eillus. _935651 |
|
| 942 |
_2ddc _cBK |
||
| 999 |
_c11524 _d11524 |
||